Arch-Modeling Managed-Floating Foreign Exchange Rates <The> European Erm Experience

Enregistré dans:
Détails bibliographiques
Auteur principal: Kam, Simon W.
Format: Livre
Langue:anglais
Publié: Brisbane The University of Queensland 1996
Édition:1. ed.
Collection:Discussion Paper No. 203
Sujets:
Tags: Ajouter un tag
Pas de tags, Soyez le premier à ajouter un tag!

MARC

LEADER 00000nam a2200000 4500
001 c019241
005 20221205124943.4
041 0 |a eng 
044 |a AU 
245 1 0 |a Arch-Modeling Managed-Floating Foreign Exchange Rates  |b <The> European Erm Experience  |c Simon W. Kam 
250 |a 1. ed. 
264 1 |a Brisbane  |b The University of Queensland  |c 1996 
300 |a 39 s. 
490 1 |a Discussion Paper  |v No. 203 
830 0 |a Discussion Paper  |v No. 203 
610 2 0 |a kurz devízový 
610 2 0 |a kurz menový 
610 2 0 |a mechanizmus trhový 
610 2 0 |a Európa 
610 2 0 |a mena 
610 2 0 |a peniaze 
100 1 |a Kam, Simon W.